000 00716 a2200205 4500
020 _a0072465638
020 _a0071151109 (ISE)
040 _aLibrary of Congress
_bEnglish
082 0 0 _a005.74
100 1 _aRamakrishnan, Raghu.
245 1 0 _aDatabase management systems
_cRaghu Ramakrishnan, Johannes Gehrke.
250 _a3rd ed.
260 _aBoston, Mass. :
_bMcGraw-Hill,
_cc2003.
300 _axxxii, 1065 p.:
_bill.
_c24 cm.
650 0 _aDatabase management.
700 1 _aGehrke, Johannes.
856 4 2 _3Publisher description
_uhttp://www.loc.gov/catdir/description/mh024/2002075205.html
856 4 2 _3Table of contents
_uhttp://www.loc.gov/catdir/toc/mh023/2002075205.html
942 _cBK
_k005.74 RAM
_2ddc
999 _c4347
_d4347